Normal view
MARC view
- Khalid Ghaznavi. Dr
Entry Personal Name
001 - CONTROL NUMBER
- control field: 90479
003 - CONTROL NUMBER IDENTIFIER
- control field: NUST
005 - DATE AND TIME OF LATEST TRANSACTION
- control field: 20220308121419.0
008 - FIXED-LENGTH DATA ELEMENTS
- fixed length control field: 220308|| aca||aabn | a|a d
040 ## - CATALOGING SOURCE
- Original cataloging agency: NUST
- Transcribing agency: NUST
100 ## - HEADING--PERSONAL NAME
- Personal name: Khalid Ghaznavi. Dr
670 ## - SOURCE DATA FOUND
- Source citation: Work cat.: (NUST)587584: Khalid Ghaznavi. Dr, Tib-e-Nabvi Aur Jadeed Science, Vol 2, 2018.
